[Event "Cto Aragón Equipos Pref Gr I"]
[Site "Aragon"]
[Date "2015.03.21"]
[Round "9.35"]
[White "Fuentes Espuna, Juan Antonio"]
[Black "Martinez Carnicer, Eduardo"]
[Result "1-0"]
[WhiteElo "1912"]
[BlackElo "1855"]
[PlyCount "113"]
[EventDate "2015.01.24"]
[WhiteTeam "La Aurora Estadilla B"]
[BlackTeam "Sabiñanigo"]

1. d4 Nf6 2. c4 c5 3. d5 b5 4. cxb5 a6 5. b6 Qxb6 6. Nc3 d6 7. e4 g6 8. h3 Bg7
9. Bd3 O-O 10. Nf3 e5 11. Nd2 Bd7 12. O-O a5 13. Nc4 Qc7 14. f4 exf4 15. Bxf4
Ne8 16. Qd2 Be5 17. Nxe5 dxe5 18. Bh6 Ng7 19. Qg5 c4 20. Be2 Qb6+ 21. Kh1 f6
22. Qd2 Na6 23. Bxc4 Qd6 24. Rf2 Rac8 25. b3 Nc7 26. Raf1 Rf7 27. Ne2 a4 28.
Nc3 axb3 29. axb3 Nh5 30. Ne2 Bb5 31. Be3 Bxc4 32. bxc4 Na6 33. g4 Ng7 34. Rc1
Nc5 35. Qc2 Rcf8 36. Nc3 Nd7 37. Nb5 Qa6 38. Qa2 Qxa2 39. Rxa2 Rb8 40. Nd6 Rb3
41. Nxf7 Kxf7 42. Re2 h5 43. Kg2 hxg4 44. hxg4 f5 45. c5 f4 46. Bf2 f3+ 47. Kf1
fxe2+ 48. Kxe2 Rb2+ 49. Kf3 Rb3+ 50. Be3 Ke8 51. c6 Nb6 52. Rc2 Kd8 53. Ke2 Ne8
54. Ra2 Kc7 55. Ra7+ Kd6 56. Rb7 Rb2+ 57. Kf3 1-0

[Event "Cto Aragón Equipos Pref Gr I"]
[Site "Aragon"]
[Date "2015.03.21"]
[Round "9.36"]
[White "Garcia Estruch, Jorge"]
[Black "Pellicer Cerezuela, Miguel"]
[Result "1-0"]
[WhiteElo "1824"]
[BlackElo "1862"]
[PlyCount "51"]
[EventDate "2015.01.24"]
[WhiteTeam "Sabiñanigo"]
[BlackTeam "La Aurora Estadilla B"]

1. e4 d5 2. exd5 Qxd5 3. Nc3 Qd8 4. d4 Nf6 5. Nf3 c6 6. Bc4 Bf5 7. Qe2 e6 8.
Bf4 Be7 9. O-O-O Nd5 10. Nxd5 cxd5 11. Bd3 Bxd3 12. Rxd3 Nc6 13. Rb3 O-O 14. h4
Na5 15. Rd3 Nc4 16. Ng5 Qb6 17. c3 Rac8 18. Rg3 Bf6 19. Kb1 Qb5 20. Ka1 Rc6 21.
Bc1 Ra6 22. Qc2 g6 23. h5 Bxg5 24. Rxg5 Kg7 25. hxg6 fxg6 26. Rxh7+ 1-0

[Event "Cto Aragón Equipos Pref Gr I"]
[Site "Aragon"]
[Date "2015.03.21"]
[Round "9.37"]
[White "Sanchez Herrera, Miguel"]
[Black "Faro Perella, Alberto"]
[Result "1-0"]
[WhiteElo "2121"]
[BlackElo "1927"]
[PlyCount "91"]
[EventDate "2015.01.24"]
[WhiteTeam "St. Casablanca C"]
[BlackTeam "Binefar"]

1. d4 Nf6 2. Nf3 c5 3. e3 d5 4. Nbd2 Nc6 5. c3 e6 6. Bd3 Be7 7. O-O O-O 8. Qe2
Qc7 9. e4 dxe4 10. Nxe4 cxd4 11. cxd4 Rd8 12. Be3 e5 13. Rac1 Bg4 14. dxe5 Bxf3
15. Qxf3 Qxe5 16. Bf4 Rxd3 17. Bxe5 Rxf3 18. gxf3 Nxe5 19. Rc7 Kf8 20. Nxf6
Bxf6 21. f4 Nd3 22. Rd1 Nxf4 23. Rxb7 Rd8 24. Rxd8+ Bxd8 25. Rxa7 Ke8 26. b4
Nh3+ 27. Kg2 Nxf2 28. b5 Ne4 29. a4 Nd6 30. Kf3 h5 31. Kf4 g5+ 32. Ke5 Nc8 33.
Ra6 Kd7 34. a5 Bc7+ 35. Kf6 Bxh2 36. Kxg5 Kc7 37. Rc6+ Kd7 38. Rh6 Be5 39. Rxh5
f6+ 40. Kg6 Ne7+ 41. Kg7 Nc8 42. Rh7 Ne7 43. a6 Bd4 44. Kf8 Bc5 45. a7 Ke6 46.
Rxe7+ 1-0

[Event "Cto Aragón Equipos Pref Gr I"]
[Site "Aragon"]
[Date "2015.03.21"]
[Round "9.39"]
[White "Antonano Fedz-Quincoces, Aveli"]
[Black "Bayona Bafaluy, Jose Maria"]
[Result "0-1"]
[WhiteElo "1978"]
[BlackElo "1777"]
[PlyCount "70"]
[EventDate "2015.01.24"]
[WhiteTeam "St. Casablanca C"]
[BlackTeam "Binefar"]

1. e4 c5 2. Nf3 e6 3. d4 cxd4 4. Nxd4 Nf6 5. Nc3 Qb6 6. Nb3 Bb4 7. Bd3 a5 8.
O-O a4 9. Be3 Qd8 10. Nd4 Nc6 11. Ncb5 O-O 12. c3 Be7 13. f4 e5 14. fxe5 Nxe5
15. Bf4 d6 16. Nf5 Ra5 17. Nbd4 Nfg4 18. Be2 Nf6 19. Qc2 g6 20. Nxe7+ Qxe7 21.
Bg5 Ned7 22. h4 Qe5 23. Rae1 h5 24. Bd3 Ng4 25. Bf4 Qe7 26. g3 Nde5 27. Nf3 f6
28. Bd2 Be6 29. c4 Rc5 30. b3 b5 31. Bb4 Rc7 32. Nd4 bxc4 33. Nxe6 Qxe6 34.
bxc4 Rfc8 35. Qxa4 Nxd3 0-1

[Event "Cto Aragón Equipos Pref Gr I"]
[Site "Aragon"]
[Date "2015.03.21"]
[Round "9.40"]
[White "Arino Castan, Federico"]
[Black "Lafarga Bueno, Daniel"]
[Result "1/2-1/2"]
[WhiteElo "1777"]
[BlackElo "1910"]
[PlyCount "94"]
[EventDate "2015.01.24"]
[WhiteTeam "Binefar"]
[BlackTeam "St. Casablanca C"]

1. d4 c5 2. Nf3 cxd4 3. Nxd4 d5 4. Nb3 e5 5. e3 Be6 6. Nc3 a6 7. Be2 Nc6 8. Bf3
Bb4 9. Bd2 Nge7 10. a3 Bd6 11. g3 O-O 12. Na4 b6 13. Nc3 f5 14. Qe2 Bc7 15.
O-O-O d4 16. exd4 Bxb3 17. Bxc6 Nxc6 18. cxb3 Nxd4 19. Qc4+ Kh8 20. Be3 b5 21.
Qd5 Qxd5 22. Nxd5 Rac8 23. Bxd4 exd4 24. Nxc7 Rxc7+ 25. Kd2 Kg8 26. Rc1 Rfc8
27. Rxc7 Rxc7 28. Re1 Kf7 29. Re5 Kf6 30. Rd5 Ke6 31. Rxd4 Ke5 32. Rd3 Rc5 33.
f4+ Ke6 34. b4 Rc8 35. b3 g6 36. Rd4 h6 37. h4 Rg8 38. Rd3 g5 39. Re3+ Kf6 40.
fxg5+ hxg5 41. hxg5+ Rxg5 42. a4 Rg8 43. Rc3 Rd8+ 44. Ke3 Re8+ 45. Kf3 Re4 46.
Rc6+ Kg5 47. Rxa6 Rxb4 1/2-1/2

[Event "Cto Aragón Equipos Pref Gr I"]
[Site "Aragon"]
[Date "2015.03.21"]
[Round "9.41"]
[White "Baron Rodriguez, Jesus"]
[Black "Fontana Sotomayor, Luis Javier"]
[Result "1-0"]
[WhiteElo "2441"]
[BlackElo "2302"]
[PlyCount "65"]
[EventDate "2015.01.24"]
[WhiteTeam "Ibercaja B"]
[BlackTeam "Jaime Casas B"]

1. e4 c6 2. Nc3 d5 3. Nf3 Bg4 4. h3 Bxf3 5. Qxf3 e6 6. d3 Nd7 7. Qg3 Ngf6 8.
Bd2 Qb6 9. Be2 g6 10. O-O Bg7 11. b4 O-O 12. Rab1 Ne8 13. b5 Be5 14. Qh4 Bf6
15. Qg3 Be5 16. Qh4 Bf6 17. Qg4 Qc7 18. bxc6 bxc6 19. f4 Bd4+ 20. Kh1 f5 21.
Qf3 Nef6 22. e5 Nh5 23. Na4 Nb6 24. Ba5 Qd7 25. c3 Nxa4 26. cxd4 Rab8 27. Qe3
Rb5 28. Rxb5 cxb5 29. Bxh5 gxh5 30. Qg3+ Qg7 31. Qh4 Kh8 32. Bd8 Qg6 33. Rf3
1-0

[Event "Cto Aragón Equipos Pref Gr I"]
[Site "Aragon"]
[Date "2015.03.21"]
[Round "9.42"]
[White "Maza Broto, Pablo"]
[Black "Gines Esteo, Pedro Antonio"]
[Result "1/2-1/2"]
[WhiteElo "2076"]
[BlackElo "2044"]
[PlyCount "74"]
[EventDate "2015.01.24"]
[WhiteTeam "Jaime Casas B"]
[BlackTeam "Ibercaja B"]

1. d4 Nf6 2. Nf3 e6 3. c4 Bb4+ 4. Nc3 O-O 5. e3 b6 6. Bd3 Bb7 7. O-O Bxc3 8.
bxc3 Ne4 9. Qc2 f5 10. Nd2 Nxd2 11. Bxd2 d6 12. f3 h6 13. Rae1 Nd7 14. e4 f4
15. e5 dxe5 16. Be4 Bxe4 17. Qxe4 Qe7 18. g3 fxg3 19. hxg3 Rad8 20. f4 exd4 21.
cxd4 Nf6 22. Qe5 Rfe8 23. f5 Qd6 24. fxe6 Qxd4+ 25. Qxd4 Rxd4 26. Bxh6 Re4 27.
Rxe4 Nxe4 28. Bf4 c6 29. Rd1 Rxe6 30. Rd7 a6 31. Ra7 Nc5 32. Kg2 b5 33. cxb5
cxb5 34. Kf3 Rf6 35. Kg4 Rf7 36. Ra8+ Kh7 37. Be3 Rc7 1/2-1/2

[Event "Cto Aragón Equipos Pref Gr I"]
[Site "Aragon"]
[Date "2015.03.21"]
[Round "9.43"]
[White "Eizaguerri Floris, Maria"]
[Black "Rodriguez Leiva, Manuel"]
[Result "1-0"]
[WhiteElo "1902"]
[BlackElo "1956"]
[PlyCount "69"]
[EventDate "2015.01.24"]
[WhiteTeam "Ibercaja B"]
[BlackTeam "Jaime Casas B"]

1. d4 g6 2. Nf3 Bg7 3. Bf4 Nf6 4. e3 d6 5. h3 O-O 6. Be2 Nbd7 7. c4 c6 8. Nc3
Re8 9. O-O Nf8 10. Rc1 Bd7 11. b4 b6 12. Qb3 a5 13. b5 cxb5 14. Nxb5 Bxb5 15.
Qxb5 Rb8 16. Rfd1 Ne6 17. Bh2 Nc7 18. Qb3 Nd7 19. Qa3 Ra8 20. c5 bxc5 21. dxc5
d5 22. Bxc7 Qxc7 23. Rxd5 Rec8 24. Bb5 Nf8 25. c6 Ne6 26. Rd7 Qb8 27. Qxe7 Rf8
28. Rb7 Qd8 29. Qxd8 Rfxd8 30. c7 Rdc8 31. Bd7 Rxc7 32. Rbxc7 Nxc7 33. Rxc7 Bf8
34. Bb5 Rd8 35. g3 1-0

[Event "Cto Aragón Equipos Pref Gr I"]
[Site "Aragon"]
[Date "2015.03.21"]
[Round "9.44"]
[White "Buil Rello, Jose Antonio"]
[Black "Torcal Miguel, Oscar"]
[Result "1/2-1/2"]
[WhiteElo "1921"]
[BlackElo "1893"]
[PlyCount "73"]
[EventDate "2015.01.24"]
[WhiteTeam "Jaime Casas B"]
[BlackTeam "Ibercaja B"]

1. e4 c5 2. Nf3 d6 3. d4 cxd4 4. Nxd4 Nf6 5. Nc3 g6 6. Be2 Bg7 7. Be3 O-O 8.
O-O Nc6 9. Qd2 Ng4 10. Bxg4 Bxg4 11. f3 Bd7 12. Rfd1 Ne5 13. b3 Rc8 14. Rac1
Be6 15. Nce2 Nc6 16. c4 a5 17. Nc3 Nxd4 18. Bxd4 Bxd4+ 19. Qxd4 Qc7 20. Nb5 Qc5
21. Qxc5 Rxc5 22. Rc3 Rfc8 23. Rcd3 a4 24. Nd4 axb3 25. axb3 Ra8 26. Kf2 Bd7
27. R1d2 b5 28. cxb5 Bxb5 29. Nxb5 Rxb5 30. Ke3 Rb4 31. Rc3 Rab8 32. Rb2 Kg7
33. f4 Kf6 34. Rd3 g5 35. g3 h5 36. h3 Kg6 37. Rc3 1/2-1/2

[Event "Cto Aragón Equipos Pref Gr I"]
[Site "Aragon"]
[Date "2015.03.21"]
[Round "9.45"]
[White "Larios Herraiz, Enrique"]
[Black "Campo Millan, Diego"]
[Result "0-1"]
[WhiteElo "2067"]
[BlackElo "2057"]
[PlyCount "65"]
[EventDate "2015.01.24"]
[WhiteTeam "Actur Rey Fernando"]
[BlackTeam "Delicias B"]

1. d4 Nf6 2. Nf3 c5 3. d5 d6 4. c4 e6 5. Nc3 exd5 6. cxd5 g6 7. Nd2 Bg7 $138 8.
e4 O-O 9. Be2 Na6 10. O-O Nc7 11. a4 b6 12. Ra3 Nd7 13. Kh1 f5 14. f3 Ne5 15.
f4 Ng4 16. Nc4 Bd4 17. Bxg4 fxg4 18. Ne2 Bg7 19. Rd3 Bb7 20. Bd2 Qe7 21. Bc3
Rae8 22. e5 Nxd5 23. Rxd5 Bxd5 24. Qxd5+ Kh8 25. Nxd6 Rd8 26. Rd1 h5 27. e6 Kh7
28. Bxg7 Kxg7 29. Qe5+ Kh7 30. Nc3 Rf6 31. Nce4 Rxe6 32. Qxe6 Qxe6 33. Ng5+ 0-1

[Event "Cto Aragón Equipos Pref Gr I"]
[Site "Aragon"]
[Date "2015.03.21"]
[Round "9.46"]
[White "Pes Mateo, Angel"]
[Black "Lopez Caudevilla, David"]
[Result "0-1"]
[WhiteElo "1986"]
[BlackElo "1978"]
[PlyCount "58"]
[EventDate "2015.01.24"]
[WhiteTeam "Delicias B"]
[BlackTeam "Actur Rey Fernando"]

1. d4 g6 2. Nf3 Bg7 3. Bf4 d6 4. h3 a6 5. e3 Nd7 6. Be2 Ngf6 7. a4 b6 8. Na3
Bb7 9. O-O O-O 10. Bh2 Ne4 11. Nd2 e5 12. Nxe4 Bxe4 13. d5 g5 14. Bd3 Bxd3 15.
cxd3 f5 16. e4 f4 17. f3 h5 18. Rc1 Rf7 19. Kf2 Nf6 20. Ke2 g4 21. hxg4 hxg4
22. Rh1 Nh5 23. fxg4 Ng3+ 24. Bxg3 fxg3 25. Rf1 Rxf1 26. Kxf1 Qh4 27. Ke2 Bh6
28. Rxc7 Rf8 29. Qg1 Qh2 0-1

[Event "Cto Aragón Equipos Pref Gr I"]
[Site "Aragon"]
[Date "2015.03.21"]
[Round "9.48"]
[White "Sarrio Bambo, Pablo"]
[Black "Fernandez Sierra, Pedro Jose"]
[Result "1-0"]
[WhiteElo "1839"]
[BlackElo "1750"]
[PlyCount "35"]
[EventDate "2015.01.24"]
[WhiteTeam "Delicias B"]
[BlackTeam "Actur Rey Fernando"]

1. d4 Nf6 2. c4 c5 3. d5 b5 4. cxb5 a6 5. b6 Qxb6 6. Nc3 d6 7. Nf3 g6 8. g3 Bg7
9. Bg2 O-O 10. O-O Nbd7 11. Nd2 Bb7 12. e4 Ne5 13. Kh1 c4 14. f4 Nd3 15. Nxc4
Nf2+ 16. Rxf2 Qxf2 17. Be3 Ng4 18. Qxg4 1-0

[Event "Cto Aragón Equipos Pref Gr I"]
[Site "Aragon"]
[Date "2015.03.21"]
[Round "9.50"]
[White "Gonzalez Gambau, Jorge"]
[Black "Soriano Gracia, Manuel"]
[Result "1-0"]
[WhiteElo "2117"]
[BlackElo "1829"]
[PlyCount "55"]
[EventDate "2015.01.24"]
[WhiteTeam "Jaque"]
[BlackTeam "ONCE Aragon B"]

1. e4 e5 2. Nf3 Nc6 3. d4 exd4 4. Bc4 Bc5 5. c3 Nf6 6. O-O dxc3 7. Nxc3 O-O 8.
Bg5 h6 9. Bh4 Be7 10. Qe2 d6 11. Rad1 Bg4 12. h3 Bxf3 13. Qxf3 Ne5 14. Qe2 Nxe4
15. Qxe4 Bxh4 16. Bb3 Nc6 17. Bc2 f5 18. Qd5+ Kh8 19. g3 Bf6 20. Qxf5 g6 21.
Qxg6 Qd7 22. Qxh6+ Kg8 23. Bb3+ Rf7 24. Qxf6 d5 25. Bxd5 Qxd5 26. Nxd5 Rxf6 27.
Nxf6+ Kf7 28. Ng4 1-0

[Event "Cto Aragón Equipos Pref Gr I"]
[Site "Aragon"]
[Date "2015.03.21"]
[Round "9.51"]
[White "Carilla Garcia, Angel"]
[Black "Perez Puyal, Jose Joaquin"]
[Result "1/2-1/2"]
[WhiteElo "1777"]
[BlackElo "1922"]
[PlyCount "115"]
[EventDate "2015.01.24"]
[WhiteTeam "ONCE Aragon B"]
[BlackTeam "Jaque"]

1. c4 c6 2. Nc3 d5 3. cxd5 cxd5 4. d4 Nf6 5. h3 g6 6. Bf4 Bg7 7. Nf3 O-O 8. Qb3
Nc6 9. e3 Na5 10. Qb4 Nc6 11. Qb3 Qa5 12. Qb5 a6 13. Qxa5 Nxa5 14. Bd3 b5 15.
b3 Bb7 16. O-O Nc6 17. Rac1 Rac8 18. Nd2 Rfe8 19. Ne2 Nd7 20. Bb1 e5 21. dxe5
Ncxe5 22. Rxc8 Rxc8 23. Rc1 Rxc1+ 24. Nxc1 Nc5 25. Kf1 Ne4 26. Nxe4 dxe4 27.
Ke2 f5 28. Kd2 b4 29. Ne2 Kf7 30. Nd4 Ke7 31. Bg5+ Kd6 32. Bd8 Nc6 33. Nxc6
Bxc6 34. h4 Bd5 35. Bc2 Bc3+ 36. Ke2 h6 37. Bd1 Bc6 38. Bc2 Bb5+ 39. Kd1 Ke6
40. Ba5 Bf1 41. g3 Bg2 42. Ke2 Kd5 43. Bd8 Be5 44. Be7 Bd6 45. Bf6 Ke6 46. Bg7
h5 47. Bd4 Be7 48. Ke1 g5 49. hxg5 Bxg5 50. Bc5 Be7 51. Bxe7 Kxe7 52. Bd1 Bf3
53. Bxf3 exf3 54. Kd2 Kd6 55. Kd3 Kd5 56. Kd2 Ke5 57. Kd3 Kd5 58. Kd2 1/2-1/2

[Event "Cto Aragón Equipos Pref Gr I"]
[Site "Aragon"]
[Date "2015.03.21"]
[Round "9.52"]
[White "Escartin Lacasa, Jose"]
[Black "Pena Gil, Jose Alejandro"]
[Result "1/2-1/2"]
[WhiteElo "1626"]
[BlackElo "1561"]
[PlyCount "92"]
[EventDate "2015.01.24"]
[WhiteTeam "Jaque"]
[BlackTeam "ONCE Aragon B"]

1. d4 Nf6 2. Nf3 e6 3. e3 d5 4. c4 c5 5. cxd5 Qxd5 6. Nc3 Qd8 7. Be2 Nbd7 8.
O-O Be7 9. b3 a6 10. a4 O-O 11. Bb2 b6 12. Bc4 Bb7 13. Qe2 Qc7 14. h3 Qc6 15.
Rfd1 cxd4 16. exd4 Rfe8 17. Rac1 Bf8 18. Qf1 Qc7 19. d5 e5 20. Ng5 Bd6 21. Nce4
Qb8 22. Qd3 h6 23. Nxd6 Qxd6 24. Ne4 Nxe4 25. Qxe4 Nf6 26. Qd3 Bc8 27. Ra1 Nh5
28. Ba3 Qf6 29. d6 Bd7 30. Qe3 Nf4 31. Bd3 Qg5 32. Qg3 Qxg3 33. fxg3 Nxd3 34.
Rxd3 Rac8 35. Bb4 a5 36. Bd2 f5 37. Be3 Rc6 38. Rc1 Rxc1+ 39. Bxc1 Rc8 40. Be3
Rc6 41. Rd5 e4 42. g4 fxg4 43. hxg4 Kf7 44. Rd4 Ke6 45. Rxe4+ Kxd6 46. Rd4+ Ke7
1/2-1/2

[Event "Cto Aragón Equipos Pref Gr II"]
[Site "Aragon"]
[Date "2015.03.21"]
[Round "9.53"]
[White "Valles Mata, David"]
[Black "Alonso Blasco, Jose Miguel"]
[Result "1/2-1/2"]
[WhiteElo "2196"]
[BlackElo "2078"]
[PlyCount "49"]
[EventDate "2015.01.24"]
[WhiteTeam "La Aurora Estadilla"]
[BlackTeam "Las Fuentes"]

1. e4 c6 2. d4 d5 3. Nc3 dxe4 4. Nxe4 Nf6 5. Ng3 e5 6. Nf3 exd4 7. Qxd4 Qxd4 8.
Nxd4 Bc5 9. Nb3 Bb6 10. Bd3 O-O 11. O-O Be6 12. Bg5 Nbd7 13. Nf5 Nd5 14. Nd6
Rab8 15. Rfe1 Bc7 16. Nf5 Rfe8 17. Nbd4 Nc5 18. Nxe6 fxe6 19. Nd4 Nxd3 20. cxd3
Kf7 21. Rad1 h6 22. Bh4 g5 23. Bg3 Nf4 24. Bxf4 Bxf4 25. Nf3 1/2-1/2

[Event "Cto Aragón Equipos Pref Gr II"]
[Site "Aragon"]
[Date "2015.03.21"]
[Round "9.54"]
[White "Mombiela De Sus, Jose Luis"]
[Black "Solano Lasierra, Javier"]
[Result "0-1"]
[WhiteElo "1999"]
[BlackElo "2167"]
[PlyCount "58"]
[EventDate "2015.01.24"]
[WhiteTeam "Las Fuentes"]
[BlackTeam "La Aurora Estadilla"]

1. c4 e5 2. g3 Nf6 3. Bg2 c6 4. d4 exd4 5. Qxd4 d5 6. Nf3 Be7 7. O-O O-O 8.
cxd5 cxd5 9. Nc3 Nc6 10. Qa4 Qb6 11. Qb5 Qxb5 12. Nxb5 Bg4 13. Be3 Rfd8 14.
Rfd1 Rac8 15. Rac1 a6 16. Nbd4 Ne4 17. h3 Bd7 18. Nb3 Bf6 19. Nfd4 Ne5 20. Rxc8
Rxc8 21. Kh2 Nc4 22. Bc1 Nxf2 23. Rf1 Ne4 24. Bxe4 dxe4 25. Rxf6 gxf6 26. Nd2
Na5 27. Nxe4 Rxc1 28. Nxf6+ Kh8 29. Nxd7 Rd1 0-1

[Event "Cto Aragón Equipos Pref Gr II"]
[Site "Aragon"]
[Date "2015.03.21"]
[Round "9.55"]
[White "Escuer Sanchez, Nestor"]
[Black "Javierre Conesa, Alfonso"]
[Result "1-0"]
[WhiteElo "2057"]
[BlackElo "1955"]
[PlyCount "59"]
[EventDate "2015.01.24"]
[WhiteTeam "La Aurora Estadilla"]
[BlackTeam "Las Fuentes"]

1. e4 d6 2. Bc4 Nf6 3. d3 g6 4. f4 Bg7 5. Nf3 c6 6. Bb3 Nbd7 7. c3 O-O 8. O-O
e5 9. Kh1 Nc5 10. Bc2 Bg4 11. Qe1 Qc7 12. Qh4 Bxf3 13. Rxf3 d5 14. f5 dxe4 15.
dxe4 Rad8 16. Nd2 Qb6 17. b4 Ncd7 18. Nc4 Qc7 19. Bg5 c5 20. b5 Rc8 21. Bb3 a6
22. bxa6 b5 23. Ne3 c4 24. Bc2 Qc6 25. Raf1 Qxa6 26. Rh3 Rfe8 27. Nd5 Nxd5 28.
Qxh7+ Kf8 29. exd5 f6 30. fxg6 1-0

[Event "Cto Aragón Equipos Pref Gr II"]
[Site "Aragon"]
[Date "2015.03.21"]
[Round "9.56"]
[White "Roman Gimeno, Javier"]
[Black "Pellicer Cemeli, Jose Luis"]
[Result "1/2-1/2"]
[WhiteElo "1900"]
[BlackElo "2034"]
[PlyCount "52"]
[EventDate "2015.01.24"]
[WhiteTeam "Las Fuentes"]
[BlackTeam "La Aurora Estadilla"]

1. d4 Nf6 2. Nf3 g6 3. c4 Bg7 4. g3 O-O 5. Bg2 d5 6. O-O c6 7. Nbd2 Nbd7 8. b3
Re8 9. Bb2 e5 10. dxe5 Ng4 11. cxd5 cxd5 12. Bd4 Ndxe5 13. Nxe5 Nxe5 14. e3 Bg4
15. Nf3 Rc8 16. h3 Nxf3+ 17. Bxf3 Bxf3 18. Qxf3 Bxd4 19. exd4 Re4 20. Qd3 Qf6
21. Rfd1 Rce8 22. Rd2 Kg7 23. Kg2 h5 24. Qf3 Qc6 25. Rb1 Qb5 26. Rbb2 Re1
1/2-1/2

[Event "Cto Aragón Equipos Pref Gr II"]
[Site "Aragon"]
[Date "2015.03.21"]
[Round "9.58"]
[White "Planas Torrea, Alberto"]
[Black "Sarto Ramos, Angel"]
[Result "0-1"]
[WhiteElo "1928"]
[BlackElo "1967"]
[PlyCount "50"]
[EventDate "2015.01.24"]
[WhiteTeam "Ejea"]
[BlackTeam "El Olivar C"]

1. e4 g6 2. d4 c6 3. g4 d5 4. e5 h5 5. gxh5 Rxh5 6. Be2 Rh8 7. h4 Bf5 8. Nd2 e6
9. h5 gxh5 10. Bxh5 Bg6 11. Bxg6 Rxh1 12. Bxf7+ Kd7 13. Qg4 Rxg1+ 14. Qxg1 Nh6
15. Bxe6+ Kxe6 16. Qg6+ Kd7 17. Nf3 Qe8 18. e6+ Qxe6+ 19. Ne5+ Kd6 20. Bf4 Nd7
21. O-O-O Nxe5 22. dxe5+ Kd7 23. Qh7+ Nf7 24. Rg1 Bh6 25. Rg6 Rh8 0-1

[Event "Cto Aragón Equipos Pref Gr II"]
[Site "Aragon"]
[Date "2015.03.21"]
[Round "9.59"]
[White "De La Riva Fernandez, Eduardo"]
[Black "Marcellan Peire, Jesus Eduardo"]
[Result "0-1"]
[WhiteElo "1944"]
[BlackElo "1912"]
[PlyCount "44"]
[EventDate "2015.01.24"]
[WhiteTeam "El Olivar C"]
[BlackTeam "Ejea"]

1. e4 c5 2. Nf3 e6 3. d4 cxd4 4. Nxd4 a6 5. g3 Nf6 6. Bg2 Nc6 7. O-O Be7 8. c4
Qc7 9. b3 Nxd4 10. Qxd4 Bc5 11. Qd1 Qe5 12. Ba3 Bd4 13. Nd2 Qa5 14. Bd6 Bxa1
15. Qxa1 Qxd2 16. Rd1 Qg5 17. f4 Qg4 18. Qd4 h5 19. f5 h4 20. h3 Qe2 21. Rd3
Qe1+ 22. Kh2 Ng4+ 0-1

[Event "Cto Aragón Equipos Pref Gr II"]
[Site "Aragon"]
[Date "2015.03.21"]
[Round "9.60"]
[White "Merin Flores, Miguel Angel"]
[Black "Hernandez Delgado, Gabriel"]
[Result "1/2-1/2"]
[WhiteElo "1712"]
[BlackElo "1925"]
[PlyCount "108"]
[EventDate "2015.01.24"]
[WhiteTeam "Ejea"]
[BlackTeam "El Olivar C"]

1. d4 Nf6 2. Nf3 e6 3. c4 Bb4+ 4. Nc3 c5 5. Bg5 Bxc3+ 6. bxc3 h6 7. Bxf6 Qxf6
8. e3 Nc6 9. Bd3 O-O 10. O-O d6 11. Re1 e5 12. d5 Na5 13. Nd2 Bf5 14. e4 Bd7
15. Re3 b6 16. Rg3 Rfb8 17. Qe2 Kf8 18. Rf1 Qf4 19. Rb1 Ke7 20. Rxg7 Rg8 21.
Rxg8 Rxg8 22. Nf1 Bg4 23. Qe3 Bf3 24. Ng3 Bg4 25. Kf1 Qxe3 26. fxe3 Rg6 27. Rb2
Bc8 28. Rf2 Ba6 29. Nf5+ Kf8 30. Nh4 Rg5 31. Nf5 Rg6 32. Nh4 Rg4 33. g3 Bxc4
34. Ke2 Bxd3+ 35. Kxd3 c4+ 36. Kd2 Nb7 37. Nf5 Rg6 38. Ke2 h5 39. Kf3 Rf6 40.
g4 hxg4+ 41. Kxg4 Nc5 42. Kf3 Na4 43. Rc2 b5 44. h4 Kg8 45. h5 Nc5 46. Rg2+ Kh8
47. Rb2 a6 48. Rg2 a5 49. Rb2 b4 50. cxb4 c3 51. Rc2 axb4 52. Rg2 Nd3 53. Kg4
Nc5 54. Kf3 Nd3 1/2-1/2

[Event "Cto Aragón Equipos Pref Gr II"]
[Site "Aragon"]
[Date "2015.03.21"]
[Round "9.61"]
[White "Cebollada Pacheco, Jesus Raul"]
[Black "Turon Perez, David"]
[Result "1/2-1/2"]
[WhiteElo "2029"]
[BlackElo "1932"]
[PlyCount "34"]
[EventDate "2015.01.24"]
[WhiteTeam "St. Casablanca D"]
[BlackTeam "Tauste B"]

1. e4 d6 2. d4 e5 3. dxe5 dxe5 4. Qxd8+ Kxd8 5. Bc4 Be6 6. Bxe6 fxe6 7. Nf3 Bd6
8. Bg5+ Nf6 9. Nbd2 Nbd7 10. Nc4 b5 11. Nxd6 cxd6 12. O-O-O Ke7 13. Nh4 Rhc8
14. Rhe1 Rc6 15. g3 Rac8 16. Re2 h6 17. Bxf6+ Nxf6 1/2-1/2

[Event "Cto Aragón Equipos Pref Gr II"]
[Site "Aragon"]
[Date "2015.03.21"]
[Round "9.62"]
[White "Garcia Montolar, Cesar"]
[Black "Garcia Andres, Daniel"]
[Result "0-1"]
[WhiteElo "1834"]
[BlackElo "2017"]
[PlyCount "50"]
[EventDate "2015.01.24"]
[WhiteTeam "Tauste B"]
[BlackTeam "St. Casablanca D"]

1. d4 g6 2. Nf3 d6 3. Bf4 Bg7 4. e3 c5 5. c3 Qb6 6. Qd2 Nf6 7. h3 Ne4 8. Qc2
Bf5 9. Bd3 Qc6 10. O-O c4 11. Bxe4 Bxe4 12. Qd1 Nd7 13. Nbd2 Bd3 14. Re1 e5 15.
dxe5 dxe5 16. Bh2 O-O 17. Nf1 Rad8 18. N3d2 Nc5 19. Qg4 Na4 20. b3 Nxc3 21.
Nxc4 f5 22. Qh4 Bf6 23. Qh6 Bxc4 24. bxc4 e4 25. Rac1 Qxc4 0-1

[Event "Cto Aragón Equipos Pref Gr II"]
[Site "Aragon"]
[Date "2015.03.21"]
[Round "9.64"]
[White "San Lazaro Lorente, David"]
[Black "Abad Vinas, Jesus Manuel"]
[Result "1/2-1/2"]
[WhiteElo "1751"]
[BlackElo "1831"]
[PlyCount "59"]
[EventDate "2015.01.24"]
[WhiteTeam "Tauste B"]
[BlackTeam "St. Casablanca D"]

1. d4 Nf6 2. c4 e6 3. Nf3 c5 4. e3 Be7 5. Be2 O-O 6. O-O Ne4 7. Nbd2 f5 8. Nxe4
fxe4 9. Nd2 d5 10. dxc5 Nd7 11. Nb3 Nxc5 12. Nxc5 Bxc5 13. Qb3 Bd6 14. cxd5 Rf6
15. g3 Rh6 16. dxe6 Bxe6 17. Bc4 Qd7 18. Bxe6+ Rxe6 19. Bd2 Rf8 20. Bc3 Kh8 21.
Rad1 Rh6 22. Rxd6 Qxd6 23. Bb4 Qd7 24. Bxf8 Qh3 25. Rd1 Qxh2+ 26. Kf1 Qh1+ 27.
Ke2 Qf3+ 28. Kd2 Qxf8 29. Kc1 Rb6 30. Qd5 1/2-1/2

[Event "Cto Aragón Equipos Pref Gr II"]
[Site "Aragon"]
[Date "2015.03.21"]
[Round "9.65"]
[White "Fuster Garcia, Luis"]
[Black "Garcia Gracia, Victor Hugo"]
[Result "1/2-1/2"]
[WhiteElo "2195"]
[BlackElo "2003"]
[PlyCount "53"]
[EventDate "2015.01.24"]
[WhiteTeam "Marcos Frechin"]
[BlackTeam "Santa Isabel"]

1. e4 e6 2. d4 d5 3. exd5 exd5 4. Nf3 Nf6 5. Bd3 Bd6 6. O-O O-O 7. h3 Be6 8.
Re1 Nbd7 9. Ne5 c5 10. c3 Qb6 11. Qb3 Qc7 12. Nxd7 Nxd7 13. Qd1 b6 14. Nd2 Rfe8
15. Nf3 Nf8 16. Ne5 f6 17. Ng4 cxd4 18. cxd4 Qd7 19. Ne3 Ng6 20. Bxg6 hxg6 21.
Bd2 Kf7 22. Qf3 Bc7 23. Rac1 Rad8 24. Nf1 b5 25. Qa3 Bb8 26. Rc3 Rc8 27. Rec1
1/2-1/2

[Event "Cto Aragón Equipos Pref Gr II"]
[Site "Aragon"]
[Date "2015.03.21"]
[Round "9.67"]
[White "Forcen Esteban, Victor"]
[Black "Perez Boy, Pedro"]
[Result "1-0"]
[WhiteElo "1916"]
[BlackElo "1816"]
[PlyCount "123"]
[EventDate "2015.01.24"]
[WhiteTeam "Marcos Frechin"]
[BlackTeam "Santa Isabel"]

1. e4 Nf6 2. Nc3 d6 3. d4 e6 4. Bg5 Be7 5. e5 Nd5 6. Bxe7 Qxe7 7. Nxd5 exd5 8.
Qe2 dxe5 9. Qxe5 Nc6 10. Qxe7+ Kxe7 11. O-O-O Bf5 12. a3 Kd6 13. Ne2 Rhe8 14.
Nc3 a6 15. h3 Re7 16. g3 Be4 17. Nxe4+ Rxe4 18. c3 Rae8 19. Bg2 Re2 20. Rhf1
Na5 21. Bf3 Nb3+ 22. Kb1 Nd2+ 23. Rxd2 Rxd2 24. Kc1 Ree2 25. Bxe2 Rxe2 26. f4
a5 27. Rf3 a4 28. Rd3 Kc6 29. Kb1 Kb5 30. Ka2 Kc4 31. Rf3 h5 32. g4 h4 33. g5
g6 34. f5 Rg2 35. fxg6 fxg6 36. Rf4 Rxg5 37. Rxh4 Kb5 38. Rf4 Rg2 39. Rf6 Rg3
40. Re6 Rxh3 41. Rxg6 Rh2 42. Rg7 Kb6 43. Rg6+ c6 44. Rg7 Ka6 45. Rc7 Kb6 46.
Rg7 Ka6 47. Rc7 Rh6 48. Rg7 b6 49. Rg2 Rh3 50. Rg6 Kb5 51. Rd6 Rh1 52. b4 Rh2+
53. Kb1 Kc4 54. Rxc6+ Kb3 55. Kc1 Kxa3 56. Rxb6 Kb3 57. b5 a3 58. Ra6 a2 59. b6
a1=Q+ 60. Rxa1 Rh1+ 61. Kd2 Rh2+ 62. Ke3 1-0